[Event "GER-chT U20 Girls"]
[Site "Braunschweig"]
[Date "2019.12.28"]
[Round "4.5"]
[White "Hartmann, Cora"]
[Black "Joers, Pia Milena"]
[Result "1/2-1/2"]
[WhiteElo "1842"]
[BlackElo "1646"]
[PlyCount "107"]
[EventDate "2019.12.27"]
[EventType "team-swiss"]
[EventRounds "7"]
[EventCountry "GER"]
[SourceTitle "CBM 194 Extra"]
[Source "ChessBase"]
[SourceDate "2020.03.31"]
[SourceVersion "1"]
[SourceVersionDate "2020.03.31"]
[SourceQuality "1"]
[WhiteTeam "Lichtenberg Borussia"]
[BlackTeam "Guestrow/Teterow"]
[WhiteTeamCountry "GER"]
[BlackTeamCountry "GER"]

1. e4 c6 2. d4 d5 3. Nc3 dxe4 4. Nxe4 Bf5 5. Ng3 Bg6 6. h4 h6 7. Nf3 Nd7 8. h5 Bh7 9. Bd3 Bxd3 10. Qxd3 e6 11. Bf4 Ngf6 12. 0-0-0 Nd5 13. Bd2 Qc7 14. Ne4 0-0-0 15. c4 N5f6 16. Kb1 Nxe4 17. Qxe4 Nf6 18. Qc2 c5 19. Bc3 Be7 20. dxc5 Qxc5 21. Ne5 Rxd1+ 22. Rxd1 Rd8 23. Rxd8+ Bxd8 24. Nxf7 Qxh5 25. Nxd8 Kxd8 26. Qd2+ Kc8 27. f3 e5 28. Qe2 Qf5+ 29. Kc1 Nd7 30. g4 Qf4+ 31. Kc2 g6 32. Bd2 Qf8 33. Qe4 g5 34. Bc3 Qf6 35. b4 Kc7 36. a4 Qe6 37. Qd5 Qg6+ 38. Qd3 Qc6 39. Kb3 Qb6 40. Qd5 Qe3 41. c5 a5 42. Qd6+ Kd8 43. Qd5 axb4 44. Kxb4 Qf4+ 45. Kb5 Kc8 46. Qg8+ Nf8 47. Qd5 Nd7 48. Ba5 Qf6 49. Bc3 Kc7 50. Bb2 Qa6+ 51. Kb4 Qf6 52. a5 Qf4+ 53. Kb5 Qf6 54. Kb4 1/2-1/2

[Event "GER-chT U20 Girls"]
[Site "Osnabrueck"]
[Date "2018.12.29"]
[Round "5.2"]
[White "Moenster, Madita"]
[Black "Hartmann, Cora"]
[Result "1/2-1/2"]
[WhiteElo "1869"]
[BlackElo "1830"]
[PlyCount "76"]
[EventDate "2018.12.27"]
[EventType "team-swiss"]
[EventRounds "7"]
[EventCountry "GER"]
[SourceTitle "CBM 188 Extra"]
[Source "ChessBase"]
[SourceDate "2019.02.26"]
[SourceVersion "1"]
[SourceVersionDate "2019.02.26"]
[SourceQuality "1"]
[WhiteTeam "Lingen"]
[BlackTeam "Lichtenberg Borussia"]
[WhiteTeamCountry "GER"]
[BlackTeamCountry "GER"]

1. e4 e5 2. Nf3 Nc6 3. Bb5 a6 4. Ba4 Nf6 5. 0-0 Be7 6. Re1 b5 7. Bb3 d6 8. c3 0-0 9. h3 Na5 10. Bc2 c5 11. d4 Qc7 12. Nbd2 cxd4 13. cxd4 Bd7 14. Nf1 Rac8 15. Bd3 Nc6 16. Be3 Nb4 17. Rc1 Qb8 18. Bb1 Rxc1 19. Qxc1 Nc6 20. Qd2 d5 21. exd5 Bb4 22. Qc2 Nxd4 23. Bxd4 exd4 24. Rd1 g6 25. Rxd4 Bf5 26. Qd1 Bxb1 27. Qxb1 Bc5 28. Rd1 Qb6 29. Rd2 Rd8 30. b4 Bf8 31. Ne3 Bh6 32. Qb3 Rc8 33. Rd1 Ne4 34. Qd3 f5 35. d6 Rd8 36. d7 Nf6 37. Ne5 Kf8 38. Nd5 Qe6 1/2-1/2

[Event "Baden-ch U2000"]
[Site "Walldorf"]
[Date "2017.07.28"]
[Round "5"]
[White "Ivanov, Iliyan"]
[Black "Hartmann, Cora"]
[Result "1/2-1/2"]
[WhiteElo "1741"]
[BlackElo "1809"]
[PlyCount "39"]
[EventDate "2017.07.26"]
[EventType "swiss"]
[EventRounds "7"]
[EventCountry "GER"]
[SourceTitle "EXT 2018"]
[Source "ChessBase"]
[SourceDate "2017.10.13"]
[SourceVersion "1"]
[SourceVersionDate "2017.10.13"]
[SourceQuality "1"]

1. d4 d5 2. c4 c6 3. Nc3 Nf6 4. Bg5 dxc4 5. a4 Bf5 6. Bxf6 exf6 7. e4 Bg6 8. Bxc4 Bb4 9. f3 f5 10. e5 c5 11. Bb5+ Nd7 12. dxc5 Bxc5 13. Qd5 Bxg1 14. Rxg1 a6 15. Bxd7+ Qxd7 16. Qxd7+ Kxd7 17. 0-0-0+ Ke6 18. Rd6+ Kxe5 19. Rgd1 Kf4 20. R1d4+ 1/2-1/2

[Event "Baden-ch U2000"]
[Site "Walldorf"]
[Date "2017.07.26"]
[Round "1"]
[White "Hartmann, Cora"]
[Black "Afonso, Nils"]
[Result "0-1"]
[WhiteElo "1809"]
[BlackElo "1743"]
[PlyCount "62"]
[EventDate "2017.07.26"]
[EventType "swiss"]
[EventRounds "7"]
[EventCountry "GER"]
[SourceTitle "EXT 2018"]
[Source "ChessBase"]
[SourceDate "2017.10.13"]
[SourceVersion "1"]
[SourceVersionDate "2017.10.13"]
[SourceQuality "1"]

1. e4 c5 2. Nf3 d6 3. Bb5+ Bd7 4. Bxd7+ Qxd7 5. c4 g6 6. d4 cxd4 7. Nxd4 Bg7 8. Nc3 Nc6 9. Be3 Nf6 10. f3 0-0 11. 0-0 a6 12. Rc1 Rac8 13. b3 e6 14. Nde2 Rfd8 15. Bb6 Re8 16. Qd2 Ne7 17. Rfd1 Rc6 18. Be3 Rb8 19. e5 Ne8 20. Bf4 Rd8 21. exd6 Nf5 22. Ne4 e5 23. Be3 Nxe3 24. Qxe3 b6 25. Qd3 Nxd6 26. c5 bxc5 27. Rxc5 Qa7 28. Qc2 Bf8 29. Kf1 Nxe4 30. Rxd8 Nxc5 31. b4 Qb6 0-1

[Event "GER-ch U18 Girls"]
[Site "Willingen"]
[Date "2017.06.06"]
[Round "4"]
[White "Kuemmel, Tina"]
[Black "Hartmann, Cora"]
[Result "0-1"]
[WhiteElo "1536"]
[BlackElo "1861"]
[PlyCount "64"]
[EventDate "2017.06.04"]
[EventType "swiss"]
[EventRounds "9"]
[EventCountry "GER"]
[SourceTitle "CBM 178 Extra"]
[Source "ChessBase"]
[SourceDate "2017.06.22"]
[SourceVersion "1"]
[SourceVersionDate "2017.06.22"]
[SourceQuality "1"]

1. Nf3 c5 2. g3 Nc6 3. Bg2 e5 4. d3 g6 5. c4 Bg7 6. Nc3 Nge7 7. 0-0 0-0 8. a3 d6 9. Rb1 f5 10. e3 h6 11. Bd2 g5 12. b4 Ng6 13. Nd5 Nce7 14. Ne1 Rb8 15. f4 exf4 16. gxf4 g4 17. Bc3 Nxd5 18. Bxd5+ Kh7 19. Bxg7 Kxg7 20. Qd2 Re8 21. d4 cxb4 22. axb4 Be6 23. Bxe6 Rxe6 24. Ng2 h5 25. Qd3 Qf6 26. Rfc1 h4 27. d5 Re4 28. Qc3 h3 29. Ne1 Rbe8 30. Qxf6+ Kxf6 31. Nc2 Rxc4 32. Kf2 Rec8 0-1

[Event "GER-chT U16"]
[Site "Neumarkt in der Oberpfalz"]
[Date "2016.12.29"]
[Round "6.2"]
[White "Hartmann, Cora"]
[Black "Wiesner, Alexander"]
[Result "1/2-1/2"]
[WhiteElo "1797"]
[BlackElo "1973"]
[PlyCount "120"]
[EventDate "2016.12.27"]
[EventType "team-swiss"]
[EventRounds "7"]
[EventCountry "GER"]
[SourceTitle "EXT 2018"]
[Source "ChessBase"]
[SourceDate "2017.10.13"]
[SourceVersion "1"]
[SourceVersionDate "2017.10.13"]
[SourceQuality "1"]
[WhiteTeam "Walldorf"]
[BlackTeam "Karlsruhe SF"]
[WhiteTeamCountry "GER"]
[BlackTeamCountry "GER"]

1. e4 e6 2. d3 Nf6 3. Nd2 b6 4. Ngf3 Bb7 5. g3 d5 6. exd5 Bxd5 7. Bg2 Be7 8. 0-0 0-0 9. Re1 Nbd7 10. Ne4 Nc5 11. Nxc5 Bxc5 12. Bf4 Re8 13. Qe2 Nd7 14. d4 Bd6 15. Bxd6 cxd6 16. c3 Nf6 17. Nd2 Bxg2 18. Kxg2 d5 19. Qd3 Qd7 20. a4 Qc6 21. Qb5 Rec8 22. Qxc6 Rxc6 23. Ra2 Kf8 24. Rea1 Rb8 25. Nb3 Nd7 26. Kf3 Ke7 27. Ke3 Kd6 28. Kd2 f6 29. Re1 e5 30. Raa1 b5 31. axb5 Rxb5 32. Kc2 Rcb6 33. Ra3 Nb8 34. dxe5+ fxe5 35. Rb1 Nc6 36. Nd2 Rb7 37. Rb3 Rxb3 38. Nxb3 Rf7 39. Rf1 e4 40. Kd2 Ne5 41. Nd4 Nd3 42. b4 Rxf2+ 43. Rxf2 Nxf2 44. Nb5+ Kd7 45. Nxa7 Ng4 46. h3 Nf2 47. h4 Nh1 48. g4 Ng3 49. Ke3 h5 50. Kf2 Nh1+ 51. Kg2 e3 52. Kf3 hxg4+ 53. Kxe3 g3 54. Kf3 Nf2 55. Nb5 Ne4 56. h5 Ke7 57. Nd4 Nxc3 58. Kxg3 Kf6 59. Kf4 Na4 60. b5 Nb6 1/2-1/2

[Event "GER-chT U16"]
[Site "Neumarkt in der Oberpfalz"]
[Date "2016.12.28"]
[Round "3.2"]
[White "Moeller, Lisa Marie"]
[Black "Hartmann, Cora"]
[Result "0-1"]
[WhiteElo "1765"]
[BlackElo "1797"]
[PlyCount "102"]
[EventDate "2016.12.27"]
[EventType "team-swiss"]
[EventRounds "7"]
[EventCountry "GER"]
[SourceTitle "EXT 2018"]
[Source "ChessBase"]
[SourceDate "2017.10.13"]
[SourceVersion "1"]
[SourceVersionDate "2017.10.13"]
[SourceQuality "1"]
[WhiteTeam "Paderborn Blauer Springer"]
[BlackTeam "Walldorf"]
[WhiteTeamCountry "GER"]
[BlackTeamCountry "GER"]

1. e4 e5 2. Nc3 Nc6 3. Bc4 Bc5 4. Qg4 g6 5. Qf3 Nf6 6. Nge2 d6 7. d3 h6 8. Nd5 Nxd5 9. Bxd5 Qe7 10. c3 Be6 11. Bxe6 fxe6 12. Be3 Bb6 13. Bxb6 axb6 14. 0-0 Kd7 15. d4 Qg7 16. Qd3 Rhf8 17. a3 Rad8 18. b4 Kc8 19. d5 exd5 20. exd5 Ne7 21. a4 Qf7 22. c4 Qf5 23. Qb3 Kd7 24. a5 Ra8 25. f4 Qe4 26. Rae1 exf4 27. axb6 g5 28. bxc7 Nf5 29. Nc3 Qd4+ 30. Kh1 Ne3 31. Rf2 Nxc4 32. Rfe2 Ne5 33. Nb5 Qb6 34. Nc3 f3 35. gxf3 Rxf3 36. Qc4 Qxc7 37. Qxc7+ Kxc7 38. Nb5+ Kd7 39. Rc1 Nd3 40. Rc7+ Kd8 41. Ree7 Ra1+ 42. Kg2 Rf2+ 43. Kh3 Nf4+ 44. Kg4 Rg1+ 45. Kf5 Nxd5+ 46. Ke6 Nxc7+ 47. Rxc7 Re1+ 48. Kxd6 Rd2+ 49. Kc5 Rc1+ 50. Kb6 Rxc7 51. Nxc7 Rd6+ 0-1

[Event "GER-chT Lands U20"]
[Site "Hannover"]
[Date "2016.10.04"]
[Round "6.7"]
[White "Hartmann, Cora"]
[Black "Schulz, Theresa Charlotte"]
[Result "1-0"]
[WhiteElo "1778"]
[BlackElo "1550"]
[PlyCount "89"]
[EventDate "2016.10.01"]
[EventType "team-swiss"]
[EventRounds "7"]
[EventCountry "GER"]
[SourceTitle "CBM 174 Extra"]
[Source "ChessBase"]
[SourceDate "2016.10.10"]
[SourceVersion "1"]
[SourceVersionDate "2016.10.10"]
[SourceQuality "1"]
[WhiteTeam "Baden"]
[BlackTeam "Thueringen"]
[WhiteTeamCountry "GER"]
[BlackTeamCountry "GER"]

1. e4 c5 2. Nf3 g6 3. d3 Bg7 4. g3 Nc6 5. Bg2 Nf6 6. 0-0 0-0 7. Nbd2 d6 8. Re1 Bd7 9. c3 Qc8 10. Nf1 Bg4 11. Ne3 Bh5 12. h3 Bxf3 13. Qxf3 Ne5 14. Qe2 Nh5 15. Nd5 Qd7 16. Be3 e6 17. Nf4 Nxf4 18. Bxf4 Rac8 19. Be3 Nc6 20. Qd2 Rc7 21. h4 Rfc8 22. Bh3 Ne5 23. Kg2 c4 24. d4 Nd3 25. Red1 f5 26. exf5 Qc6+ 27. Kg1 exf5 28. Bf1 Qb5 29. Rab1 f4 30. Bxf4 Nxf4 31. Qxf4 Qa6 32. a3 Rf8 33. Qe4 Qa5 34. Bxc4+ Kh8 35. Bd5 b6 36. Re1 Qa4 37. Re2 Qd7 38. Rbe1 Qd8 39. Bb3 a6 40. Qd5 b5 41. Re6 Rd7 42. Qc6 Qc8 43. Qxc8 Rfd8 44. Qxd7 Rxd7 45. Re8+ 1-0

[Event "GER-chT Federal Cup (Women)"]
[Site "Braunfels"]
[Date "2016.05.26"]
[Round "1.6"]
[White "Hartmann, Cora"]
[Black "Alt, Barbara"]
[Result "1-0"]
[WhiteElo "1769"]
[BlackElo "1323"]
[PlyCount "71"]
[EventDate "2016.05.26"]
[EventType "team-swiss"]
[EventRounds "5"]
[EventCountry "GER"]
[SourceTitle "EXT 2019"]
[Source "ChessBase"]
[SourceDate "2018.10.10"]
[SourceVersion "1"]
[SourceVersionDate "2018.10.10"]
[SourceQuality "1"]
[WhiteTeam "Baden (W)"]
[BlackTeam "Saarland Schleswig Holstein (W)"]
[WhiteTeamCountry "GER"]
[BlackTeamCountry "GER"]

1. e4 b6 2. d4 Bb7 3. Nc3 e6 4. Nf3 Bb4 5. Bd3 Nf6 6. Bg5 h6 7. Bxf6 Qxf6 8. 0-0 0-0 9. Ne2 d5 10. e5 Qd8 11. c3 Be7 12. Ng3 Nd7 13. h3 c5 14. Re1 Rc8 15. Nh2 f5 16. exf6 Bxf6 17. Rxe6 cxd4 18. cxd4 Bxd4 19. Nf5 Bf6 20. Qg4 Kh8 21. Nxh6 Nc5 22. Qh5 Nxd3 23. Nf7+ Kg8 24. Nxd8 Rcxd8 25. Ng4 Bd4 26. Qg6 Nf4 27. Nh6+ Kh8 28. Nf7+ Kg8 29. Qg4 Nxe6 30. Nxd8 Bxf2+ 31. Kh1 Nxd8 32. Qd7 Bg3 33. Kg1 Bf2+ 34. Kh2 Bd4 35. h4 Ba6 36. Qxd5+ 1-0

[Event "GER-ch U16 Girls"]
[Site "Willingen"]
[Date "2016.05.16"]
[Round "3"]
[White "Christiansen, Anna"]
[Black "Hartmann, Cora"]
[Result "0-1"]
[WhiteElo "1463"]
[BlackElo "1725"]
[PlyCount "52"]
[EventDate "2016.05.15"]
[EventType "swiss"]
[EventRounds "9"]
[EventCountry "GER"]
[SourceTitle "CBM 172 Extra"]
[Source "ChessBase"]
[SourceDate "2016.06.21"]
[SourceVersion "1"]
[SourceVersionDate "2016.06.21"]
[SourceQuality "1"]

1. e4 e5 2. Nf3 Nc6 3. Bc4 Bc5 4. c3 Nf6 5. d3 a6 6. b4 Ba7 7. 0-0 d6 8. Qb3 Qe7 9. a4 Bg4 10. Ng5 Nd8 11. h3 Bh5 12. Nd2 h6 13. Ngf3 Ne6 14. Nh4 Nf4 15. Ndf3 g5 16. Nf5 Qf8 17. Nh2 Ne2+ 18. Kh1 g4 19. h4 g3 20. fxg3 Qg8 21. d4 Nxe4 22. Bxe2 Bxe2 23. Re1 Bd3 24. Be3 Nxg3+ 25. Nxg3 Qxg3 26. Ra2 Qxe1+ 0-1

[Event "GER-ch U16 Girls"]
[Site "Willingen"]
[Date "2016.05.15"]
[Round "2"]
[White "Hartmann, Cora"]
[Black "Koehler, Inken"]
[Result "0-1"]
[WhiteElo "1725"]
[BlackElo "1882"]
[PlyCount "84"]
[EventDate "2016.05.15"]
[EventType "swiss"]
[EventRounds "9"]
[EventCountry "GER"]
[SourceTitle "CBM 172 Extra"]
[Source "ChessBase"]
[SourceDate "2016.06.21"]
[SourceVersion "1"]
[SourceVersionDate "2016.06.21"]
[SourceQuality "1"]

1. e4 c5 2. Nf3 e6 3. d3 Nc6 4. g3 d6 5. Bg2 g6 6. 0-0 Bg7 7. Nbd2 Nge7 8. Re1 0-0 9. Nf1 Rb8 10. c3 d5 11. e5 d4 12. c4 Qc7 13. Bf4 b5 14. b3 bxc4 15. bxc4 Rb2 16. N1d2 Nb4 17. Ne4 Rxa2 18. Rxa2 Nxa2 19. Qb3 Nb4 20. Rb1 a5 21. Ra1 Bb7 22. Qa4 Bxe4 23. dxe4 Ra8 24. Nd2 Qc6 25. Qxc6 Nexc6 26. Nb3 Bf8 27. Ra4 Nd3 28. Bd2 Nb2 29. Ra1 Nxc4 30. Be1 a4 31. Bf1 N4xe5 32. f4 Nf3+ 33. Kf2 Nxe1 34. Kxe1 Nb4 35. Kd2 axb3 36. Rxa8 b2 37. Bd3 Nxd3 38. Kc2 c4 39. Rd8 c3 40. Rxd4 Ne1+ 41. Kb1 c2+ 42. Kxb2 Ba3+ 0-1

[Event "GER-chT Federal Cup (Women)"]
[Site "Braunfels"]
[Date "2015.06.07"]
[Round "5.6"]
[White "Hartmann, Cora"]
[Black "Horstmann, Astrid"]
[Result "1-0"]
[WhiteElo "1585"]
[BlackElo "1751"]
[PlyCount "155"]
[EventDate "2015.06.04"]
[EventType "team-swiss"]
[EventRounds "5"]
[EventCountry "GER"]
[SourceTitle "CBM 167 Extra"]
[Source "ChessBase"]
[SourceDate "2015.09.14"]
[SourceVersion "1"]
[SourceVersionDate "2015.09.14"]
[SourceQuality "1"]
[WhiteTeam "Baden (W)"]
[BlackTeam "Bayern (W)"]
[WhiteTeamCountry "GER"]
[BlackTeamCountry "GER"]

1. e4 c5 2. Nf3 g6 3. g3 Bg7 4. Bg2 Nc6 5. d3 d6 6. 0-0 e6 7. Nbd2 Nge7 8. Re1 Rb8 9. Nf1 0-0 10. h4 h6 11. N1h2 f5 12. Rb1 e5 13. h5 f4 14. gxf4 exf4 15. hxg6 Nxg6 16. Kf1 h5 17. Ng1 h4 18. Qh5 Nce5 19. Bh3 Qf6 20. Bxc8 Rbxc8 21. Nhf3 Kf7 22. Ng5+ Ke7 23. Nh7 Qe6 24. Nxf8 Rxf8 25. Nf3 Qh3+ 26. Ke2 Rh8 27. Ng1 Qe6 28. Qg5+ Bf6 29. Qf5 h3 30. Qxe6+ Kxe6 31. Nf3 h2 32. Rh1 Ng4 33. Bd2 Bh4 34. Nxh2 Nxf2 35. Rhg1 Bg3 36. Nf1 Rh3 37. Be1 Nh1 38. Nxg3 Nxg3+ 39. Bxg3 fxg3 40. Kf3 Ne5+ 41. Kf4 g2 42. Rxg2 Rf3+ 43. Kg5 Nf7+ 44. Kg4 Ne5+ 45. Kh4 Re3 46. Rg7 c4 47. Rxb7 cxd3 48. cxd3 Nxd3 49. Rxa7 Rxe4+ 50. Kg3 d5 51. a4 Kd6 52. Kf3 Kc5 53. Rb7 Ne5+ 54. Kf2 Nd3+ 55. Kf1 Rxa4 56. Ke2 Nf4+ 57. Ke3 Re4+ 58. Kd2 Re2+ 59. Kd1 Rf2 60. b4+ Kc4 61. b5 Ne6 62. Rc1+ Kd3 63. Ke1 Rh2 64. Rf7 Ke3 65. Rc3+ Kd4 66. Rg3 Nc5 67. b6 Nd3+ 68. Kf1 Rb2 69. b7 Nc5 70. Rgg7 Kd3 71. Rh7 d4 72. Rc7 Ne4 73. Rh8 Ng3+ 74. Kg1 Ne2+ 75. Kf2 Nf4+ 76. Kf3 Nd5 77. Rg7 Kc2 78. Rg2+ 1-0

[Event "GER-chT Federal Cup (Women)"]
[Site "Braunfels"]
[Date "2015.06.05"]
[Round "2.6"]
[White "V D Weth V Nordheim, Petra"]
[Black "Hartmann, Cora"]
[Result "1/2-1/2"]
[WhiteElo "1786"]
[BlackElo "1585"]
[PlyCount "35"]
[EventDate "2015.06.04"]
[EventType "team-swiss"]
[EventRounds "5"]
[EventCountry "GER"]
[SourceTitle "CBM 167 Extra"]
[Source "ChessBase"]
[SourceDate "2015.09.14"]
[SourceVersion "1"]
[SourceVersionDate "2015.09.14"]
[SourceQuality "1"]
[WhiteTeam "Thueringen (W)"]
[BlackTeam "Baden (W)"]
[WhiteTeamCountry "GER"]
[BlackTeamCountry "GER"]

1. Nf3 d5 2. g3 Nf6 3. Bg2 Bf5 4. d3 e6 5. 0-0 Be7 6. c4 c6 7. h3 h6 8. Be3 Nbd7 9. Qb3 Qc7 10. Nbd2 0-0 11. Rac1 Rfd8 12. Nd4 Bh7 13. cxd5 exd5 14. Bf4 Qb6 15. Qxb6 Nxb6 16. a3 Re8 17. Rfe1 Nfd7 18. Be3 1/2-1/2

[Event "GER-chT U14"]
[Site "Regensburg"]
[Date "2014.12.30"]
[Round "7.2"]
[White "Keyser, Robin"]
[Black "Hartmann, Cora"]
[Result "0-1"]
[WhiteElo "1564"]
[BlackElo "1484"]
[PlyCount "66"]
[EventDate "2014.12.27"]
[EventType "team-swiss"]
[EventRounds "7"]
[EventCountry "GER"]
[SourceTitle "EXT 2018"]
[Source "ChessBase"]
[SourceDate "2017.10.13"]
[SourceVersion "1"]
[SourceVersionDate "2017.10.13"]
[SourceQuality "1"]
[WhiteTeam "Eppendorf Johanneum"]
[BlackTeam "Walldorf"]
[WhiteTeamCountry "GER"]
[BlackTeamCountry "GER"]

1. d4 d5 2. Nf3 Nf6 3. c4 c6 4. g3 dxc4 5. Bg2 Bf5 6. 0-0 Nbd7 7. Nbd2 Nb6 8. Re1 e6 9. e4 Bg6 10. e5 Nfd5 11. Ne4 Be7 12. a4 a5 13. Bf1 0-0 14. Nfd2 Bb4 15. Qc2 c3 16. bxc3 Nxc3 17. Bd3 Qxd4 18. Bb2 Rfd8 19. Bf1 Nxe4 20. Bxd4 Nxd2 21. Qb2 Rxd4 22. Rad1 Bh5 23. Qxd4 Nf3+ 24. Kh1 Nxd4 25. Ra1 Rd8 26. Ra2 Nd5 27. Rc1 Bf3+ 28. Bg2 Bxg2+ 29. Kxg2 Ne2 30. Rxe2 Nc3 31. Re3 Nxa4 32. f4 Bd2 33. Rd1 Nb2 0-1

[Event "GER-chT U14"]
[Site "Regensburg"]
[Date "2014.12.27"]
[Round "1.2"]
[White "Tschammer, Kai"]
[Black "Hartmann, Cora"]
[Result "1-0"]
[WhiteElo "1581"]
[BlackElo "1484"]
[PlyCount "39"]
[EventDate "2014.12.27"]
[EventType "team-swiss"]
[EventRounds "7"]
[EventCountry "GER"]
[SourceTitle "EXT 2016"]
[Source "ChessBase"]
[SourceDate "2015.10.08"]
[SourceVersion "1"]
[SourceVersionDate "2015.10.08"]
[SourceQuality "1"]
[WhiteTeam "Erlangen"]
[BlackTeam "Walldorf"]
[WhiteTeamCountry "GER"]
[BlackTeamCountry "GER"]

1. e4 e5 2. Nf3 Nc6 3. Bc4 Bc5 4. 0-0 Nf6 5. d4 Bxd4 6. Nxd4 Nxd4 7. f4 Nc6 8. Bxf7+ Kxf7 9. fxe5 Nxe5 10. Qd5+ Kf8 11. Qxe5 d6 12. Qd4 Ke8 13. Bg5 Rf8 14. Nc3 Be6 15. Rae1 h6 16. e5 hxg5 17. exf6 Kd7 18. Rxe6 Kxe6 19. Qd5+ Kd7 20. Qf5+ 1-0